• 首页
  • 本馆介绍
  • 公告通知
  • 最新文献
  • 馆藏检索
  • 电子资源
  • 读者导购
  • 参考咨询
  • 我的图书馆
  • 登录
  • 详细信息显示
  • 放入我的书架
  • 预约/预借图书
  • 作者相关作品
  • 分类相关作品
  • 丛书相关作品
  • 出版社相关作品

书目信息

  • 表格格式
  • 工作单格式
  • 卡片格式
题名:
旅游政策与法律法规应试一本全
    
 
作者: 刘丽红
分册:  
出版信息: 太原   山西经济出版社  2016.04
页数: 230页
开本: 20cm
丛书名:
单 册:
中图分类: F592.0
科图分类:
主题词: 旅游经济
电子资源:
ISBN: 7-5577-0015-5
000 00652nam0 2200205 450
001 2994
005 20161207145846.54
010    @a7-5577-0015-5@dCNY28.00
100    @a20150811d2016 km y0chiy0120 ea
101 0  @achi
102    @aCN@b140000
200 1  @a旅游政策与法律法规应试一本全@Alu you zheng ce yu fa lu fa gui ying shi yi ben quan@f刘丽红@Fliu li hong
210    @a太原@c山西经济出版社@d2016.04
215    @a230页@d20cm
330    @a旅游业·方针政策·中国·资格考试·自学参考资料
606 0  @a旅游经济
690    @aF592.0@v4
701  0 @a刘丽红@Aliu li hong
801  0 @aCN@b大连网信软件有限公司图书馆·11@c20161207
905    @aZUCC@dF592.0@e513
    
    旅游政策与法律法规应试一本全/刘丽红.-太原:山西经济出版社,2016.04
    230页;20cm
    
    
    ISBN 7-5577-0015-5:CNY28.00
    旅游业·方针政策·中国·资格考试·自学参考资料
●
相关链接 在E读中查询图书 在五车中查询图书 在当当中查询图书 在豆瓣中查询图书


正题名:旅游政策与法律法规应试一本全     索取号:F592.0/513         预约/预借

序号 登录号 条形码 馆藏地/架位号 状态 备注
1 912407   209124071   第一样本阅览室/ [索取号:F592.0/513] 在馆    
2 912408   209124080   第一借阅区/ [索取号:F592.0/513] 在馆    
3 912409   209124099   第一借阅区/ [索取号:F592.0/513] 在馆    
4 912410   209124106   第一借阅区/ [索取号:F592.0/513] 在馆    
唐山师范学院图书馆 欢迎您!
大连网信软件有限公司© 版权所有